000 00229nam a2200097Ia 4500
008 120527s9999 xx 000 0 und d
100 _aHERREN,Ray.
245 _aThe science of animal agriculture.
260 _bDelmar
942 _cBK
999 _c24114
_d24114